Normal view
MARC view
- MUHAMMAD WAQAR MUHAMMAD HASSAAN ARSHAAD ZOHAIR AHMED BHATTI
Entry Personal Name
001 - CONTROL NUMBER
- control field: 71137
003 - CONTROL NUMBER IDENTIFIER
- control field: NUST
005 - DATE AND TIME OF LATEST TRANSACTION
- control field: 20210628204611.0
008 - FIXED-LENGTH DATA ELEMENTS
- fixed length control field: 210628|| aca||aabn | a|a d
040 ## - CATALOGING SOURCE
- Original cataloging agency: NUST
- Transcribing agency: NUST
100 ## - HEADING--PERSONAL NAME
- Personal name: MUHAMMAD WAQAR MUHAMMAD HASSAAN ARSHAAD ZOHAIR AHMED BHATTI
670 ## - SOURCE DATA FOUND
- Source citation: Work cat.: (NUST): MUHAMMAD WAQAR MUHAMMAD HASSAAN ARSHAAD ZOHAIR AHMED BHATTI, PR-SOF-1726-VIRTUAL REALITY TRAINER FOR HAJJ, 2018
